000 00441nam a2200169Ia 4500
008 230711s9999||||xx |||||||||||||| ||und||
020 _a978-81-312-0356-9
041 _aENG
082 _a5.1
_bZH-S
100 _aZHU,Hong
245 0 _aSoftware design methodology : From principles to architectural styles
250 _a1st Ed.
260 _c2005
_aNew Delhi
_bElsevier
300 _a340p.
650 _aComputer Engineering
942 _cBK
999 _c6363
_d6363